LIBRARY ONLINE CATALOGUE

Powerful teacher education (Record no. 19325)

MARC details
000 -LEADER
fixed length control field 00463nam a22001457a 4500
008 - FIXED-LENGTH DATA ELEMENTS--GENERAL INFORMATION
fixed length control field 220526b |||||||| |||| 00| 0 eng d
020 ## - INTERNATIONAL STANDARD BOOK NUMBER
International Standard Book Number 0787972738
050 ## - LIBRARY OF CONGRESS CALL NUMBER
Classification number LB171.5
Item number .D37 2006
100 ## - MAIN ENTRY--PERSONAL NAME
Personal name Darling-Hammond, Linda
245 ## - TITLE STATEMENT
Title Powerful teacher education
Remainder of title lessons from exemplary programs
Statement of responsibility, etc. Linda Darling-Hammond
260 ## - PUBLICATION, DISTRIBUTION, ETC. (IMPRINT)
Place of publication, distribution, etc. San Francisco
Name of publisher, distributor, etc. Jossey-Bass
Date of publication, distribution, etc. 2006
300 ## - PHYSICAL DESCRIPTION
Extent xvi, 419p.
650 ## - SUBJECT ADDED ENTRY--TOPICAL TERM
Topical term or geographic name as entry element Teachers training of
Geographic subdivision United States
942 ## - ADDED ENTRY ELEMENTS (KOHA)
Source of classification or shelving scheme Library of Congress Classification
Koha item type General Collection
Holdings
Withdrawn status Lost status Source of classification or shelving scheme Not for loan Home library Current library Date acquired Total Checkouts Full call number Barcode Date last seen Price effective from Koha item type
    Library of Congress Classification   Kabarak, Main Campus Kabarak, Main Campus 26/05/2022   LB171.5 .D37 2006 c.1 031050 26/05/2022 26/05/2022 General Collection